00738nam a2200229Ia 450000500170000000800410001702000150005804100080007310000430008124500560012425000220018030000250020260000370022765000400026465000280030426400420033233600270037433700330040133800280043404000350046208400110049720220316235715.0121119s2003 ck gr 000 0 spa  a95804721810 aspa1 aMoreno Durán, Rafael Humbertod1946-10aCamus, la conexión africanacR. H. Moreno-Durán aPrimera edición a222 páginasc21 cm14aCamus, Albertd1913-1960vNovela14aNovela policíaca colombiana2LEMB14aNovela colombiana2LEMB aBogotábGrupo Editorial Normac2003 atextobtxt2rdacontent asin mediaciónbn2rdamedia avolumenbnc2rdacarrier aCO-BoRNBPbspaerdacCO-BoRNBP aN MOR8